| 000 | 00428nam a2200157Ia 4500 | ||
|---|---|---|---|
| 008 | 140316s9999 xx 000 0 und d | ||
| 020 | _a81 7024 250 9 | ||
| 082 |
_a658 _bARV/MA |
||
| 100 | _aArvindrai N,Desai | ||
| 245 | _aManagement strategies and organizational behaviour | ||
| 260 |
_aNew Delhi _bAshish Publishing House _c1995 |
||
| 300 | _a287 | ||
| 650 | _acommunication | ||
| 650 | _aProblem solving | ||
| 942 |
_2ddc _cBK |
||
| 999 |
_c5288 _d5288 |
||